| Registos Bibliográficos associados ao registo de autoridade |
|
Etiqueta de registo: 00254nam 2200025 450 001 2200647 003 http://id.bnportugal.gov.pt/bib/catbnp/2200647 021 ## $aPT$b540266/24 100 ## $a20241220d2024 m d0pory01030103ba 101 0# $apor 102 ## $aPT 105 ## $aa z 000yy 106 ## $ar 200 1# $avivAZ I.$eguia de intervenção$fcoord. científica Sara F. Martins$gautores Brígida Ramos, Diana F. Oliveira, Sara F. Martins 205 ## $a1ª ed 210 #9 $aOliveira de Azeméis$cMunicípio de Oliveira de Azeméis,$d2024 215 ## $a1 v.$cil.$d21 cm 675 ## $a159.94/.95-053.9(469.321)(035)$vBN$zpor$31942196 675 ## $a316.346-053.9(469.321)(035)$vBN$zpor$31942195 675 ## $a364.69-7-053.9(469.321)(035)$vBN$zpor$31942194 702 #1 $aMartins,$bSara F.$4695$31939457 702 #1 $aRamos,$bBrígida$4070$31939462 702 #1 $aOliveira,$bDiana F. $4070$31939464 801 #0 $aPT$bBN$gRPC 856 41 $uhttp://rnod.bnportugal.gov.pt/ImagesBN/winlibimg.aspx?skey=&doc=2200647&img=203508&save=true 900 ## $aBIBNAC$d20250207 966 ## $lBN$mFGMON$sS.C. 165989 V.$x1 966 ## $lBN$mFGMON$sS.C. 165989 V.-D$x1 971 ## $cjbeatriz$d20241220 972 ## $e0$z0$d20250207$vasantos 973 ## $cigoulao$d20250122
Etiqueta de registo: 00254nam 2200025 450 001 2255380 003 http://id.bnportugal.gov.pt/bib/catbnp/2255380 021 ## $aPT$b557476/25 100 ## $a20260127d2025 m d0pory01030103ba 101 0# $apor 102 ## $aPT 105 ## $aa z 000yy 106 ## $ar 200 1# $avivAZ II.$iMatriz de referência$fBrígida Ramos, Diana F. Oliveira, Sara F. Martins$gsupervisão e coord. científica Margarida Pedroso Lima, Manuela Vilar 205 ## $a1ª ed 210 #9 $aOliveira de Azeméis$cMunicípio de Oliveira de Azeméis,$d2025 215 ## $a1 v.$cil.$d21 cm 675 ## $a364.69-7-053.9(469.321)(035)$vBN$zpor$31942194 675 ## $a159.94/.95-053.9(469.321)(035)$vBN$zpor$31942196 675 ## $a316.346-053.9(469.321)(035)$vBN$zpor$31942195 700 #1 $aRamos,$bBrígida$4070$31939462 701 #1 $aMartins,$bSara F.$4070$31939457 701 #1 $aOliveira,$bDiana F. $4070$31939464 702 #1 $aVilar,$bMaria Manuela Pereira$4695$31623749 702 #1 $aLima,$bMargarida Pedroso de,$f1961-$4695$3519660 801 #0 $aPT$bBN$gRPC 856 41 $uhttp://rnod.bnportugal.gov.pt/ImagesBN/winlibimg.aspx?skey=&doc=2255380&img=220529&save=true 900 ## $aBIBNAC$d20260330 966 ## $lBN$mFGMON$sS.C. 168740 V.$x1 966 ## $lBN$mFGMON$sS.C. 168740 V.-D$x1 971 ## $cssilva$d20260127 973 ## $caalmeid$d20260319 975 ## $e0$d20260330$viquintas
|
|
|